5HLuxD.jpg

KING HENRY VIII SENIOR AND PRIMARY SCHOOL LIBRARY OPAC

A visit to the dentist / (Record no. 2151)

000 -LEADER
fixed length control field 00886nam a2200325 a 4500
001 - CONTROL NUMBER
control field 013632041
003 - CONTROL NUMBER IDENTIFIER
control field Uk
005 - DATE AND TIME OF LATEST TRANSACTION
control field 20230313112337.0
008 - FIXED-LENGTH DATA ELEMENTS--GENERAL INFORMATION
fixed length control field 061222s2006 enka j 000 1 eng
015 ## - NATIONAL BIBLIOGRAPHY NUMBER
National bibliography number GBA709263
Source bnb
016 7# - NATIONAL BIBLIOGRAPHIC AGENCY CONTROL NUMBER
Record control number 013632041
Source Uk
020 ## - INTERNATIONAL STANDARD BOOK NUMBER
International Standard Book Number 9781905598458
040 ## - CATALOGING SOURCE
Original cataloging agency Uk
Language of cataloging eng
Transcribing agency Uk
Modifying agency KH8
042 ## - AUTHENTICATION CODE
Authentication code ukblsr
082 04 - DEWEY DECIMAL CLASSIFICATION NUMBER
Classification number 428.6 GLA
Edition number 22
100 1# - MAIN ENTRY--PERSONAL NAME
Personal name Gladding, Sarah.
Relator term author
245 12 - TITLE STATEMENT
Title A visit to the dentist /
Statement of responsibility, etc. Sarah Gladding.
260 ## - PUBLICATION, DISTRIBUTION, ETC.
Place of publication, distribution, etc. London :
Name of publisher, distributor, etc. Popular UK,
Date of publication, distribution, etc. 2006.
300 ## - PHYSICAL DESCRIPTION
Extent 51 p. :
Other physical details col. ill. ;
Dimensions 18 cm.
336 ## - CONTENT TYPE
Content type term text
Source rdacontent
337 ## - MEDIA TYPE
Media type term unmediated
Source rdamedia
338 ## - CARRIER TYPE
Carrier type term volume
Source rdacarrier
490 1# - SERIES STATEMENT
Series statement Robin
490 1# - SERIES STATEMENT
Series statement Key to reading ;
Volume/sequential designation bk. 9
650 #0 - SUBJECT ADDED ENTRY--TOPICAL TERM
Topical term or geographic name entry element Readers (Elementary).
830 #0 - SERIES ADDED ENTRY--UNIFORM TITLE
Uniform title Robin
830 #0 - SERIES ADDED ENTRY--UNIFORM TITLE
Uniform title Key to reading ;
Volume/sequential designation bk. 9
942 ## - ADDED ENTRY ELEMENTS (KOHA)
Source of classification or shelving scheme
Koha item type Books - Non Ficton
Holdings
Withdrawn status Lost status Source of classification or shelving scheme Damaged status Not for loan Collection code Permanent Location Current Location Shelving location Date acquired Total Checkouts Full call number Barcode Date last seen Date last checked out Price effective from Koha item type
          Non-Fiction KH8 Primary School Library KH8 Primary School Library Non Fiction 2023-03-13 12 428.6 GLA KHPL000003883 2025-12-05 2023-12-07 2023-03-13 Books - Non Ficton

Powered By KH8 IT Dept